000 00828nam a2200241Ia 4500
003 OSt
005 20220923213514.0
006 a|||||r|||| 00| 0
007 ta
008 220922b |||||||| |||| 00| 0 hin d
024 _a162,460
037 _cTextual
040 _aARTS
_cARTS
_bhin
041 _2hin
_ahin
082 _aO152,3M80:g, K9
100 _aगुप्त, प्रकाश चन्द्र
_9157686
245 0 _aप्रेमचंद
_b भारतीय साहित्य के निर्माता
246 _aPremachanda: bhāratīya sāhitya ke nirmātā
260 _c1969
650 _aहिन्दी साहित्य
_9156264
942 _hO152,3M80:g, K9
_cTEXL
_2CC
999 _c316940
_d316940